Dự án Game Virtual City /

Đã lưu trong:
書目詳細資料
主要作者: Lê quốc Việt.
其他作者: Bùi Trí Nguyên., Lê Ngọc Nhân., Lê Văn Nhật., Phan Thùy Dương.
格式: Bài viết
語言:Vietnamese
標簽: 添加標簽
沒有標簽, 成為第一個標記此記錄!
Thư viện lưu trữ: Thư viện Trường Đại học Đà Lạt
LEADER 00851nam a2200277 4500
001 DLU120138542
005 ##20120726
040 # # |a DLU  |b vie 
041 # # |a vie 
044 # # |a vn 
100 # # |a Lê quốc Việt. 
245 # # |a Dự án Game Virtual City /  |c Lê quốc Việt, ...[và những người khác]. 
700 # # |a Bùi Trí Nguyên. 
700 # # |a Lê Ngọc Nhân. 
700 # # |a Lê Văn Nhật. 
700 # # |a Phan Thùy Dương. 
773 # # |t Kỷ yếu hội nghị khoa học sinh viên năm 2011 Trường Đại học Đà Lạt  |g 2011, tr. 80-85 
920 # # |a Phòng Tạp chí -- Trung tâm Thông tin - Thư viện Trường Đại học Đà Lạt 
994 # # |a DLU 
900 # # |a True 
911 # # |a Phan Thị Mỹ Thảo 
925 # # |a G 
926 # # |a A 
927 # # |a BB 
980 # # |a Thư viện Trường Đại học Đà Lạt